000 00331nam a2200145Ia 4500
005 20251222143318.0
008 251222s9999||||xx |||||||||||||| ||spa||
020 _a9788498725575
082 _a813.54/R53
100 _aRice, Anne
245 0 _aLa Noche de todos los Santos
250 _a1ra.ed.
264 _bZeta
942 _cLIB
999 _c15978
_d15978